[Event "VIE-ch U13"]
[White "Pham, Dang Minh"]
[Black "Ha, Nguyen Nam Khanh"]
[Site "Hanoi"]
[Round "7"]
[Result "1-0"]
[Date "2022.06.15"]
[WhiteElo "2342"]
[BlackElo "2355"]
[PlyCount "37"]
[EventDate "2022.06.11"]
[EventType "swiss"]
[EventRounds "9"]
[EventCountry "VIE"]
[SourceTitle "EXT 2023"]
[Source "ChessBase"]
[SourceDate "2022.10.05"]
[SourceVersion "1"]
[SourceVersionDate "2022.10.05"]
[SourceQuality "1"]

1. Nf3 Nf6 2. g3 g6 3. d4 Bg7 4. Bg2 d5 5. 0-0 0-0 6. c4 e6 7. Nbd2 Nbd7 8. b3 c6 9. Bb2 Re8 10. Re1 Qc7 11. Rc1 Qb6 12. Qc2 a6 13. Ba1 Bh6 14. e3 Qc7 15. Ne5 b6 16. cxd5 exd5 17. Nxc6 Bb7 18. Ne7+ Rxe7 19. Qxc7 1-0

[Event "VIE-ch U13"]
[White "Le, Hoang Anh"]
[Black "Ha, Nguyen Nam Khanh"]
[Site "Hanoi"]
[Round "2"]
[Result "0-1"]
[Date "2022.06.12"]
[WhiteElo "2381"]
[BlackElo "2355"]
[PlyCount "72"]
[EventDate "2022.06.11"]
[EventType "swiss"]
[EventRounds "9"]
[EventCountry "VIE"]
[SourceTitle "EXT 2023"]
[Source "ChessBase"]
[SourceDate "2022.10.05"]
[SourceVersion "1"]
[SourceVersionDate "2022.10.05"]
[SourceQuality "1"]

1. d4 e6 2. Nf3 b6 3. c4 Bb7 4. e3 Nf6 5. Nc3 Bb4 6. Bd2 0-0 7. Bd3 d5 8. 0-0 Nbd7 9. a3 Bd6 10. Rc1 Rc8 11. Qe2 c5 12. Nb5 Bb8 13. a4 Qe7 14. Rfd1 Rfd8 15. a5 cxd4 16. Nfxd4 Ne5 17. cxd5 Nxd3 18. Qxd3 Rxd5 19. Rxc8+ Bxc8 20. Qb3 Bb7 21. axb6 axb6 22. Bb4 Qd7 23. Nc3 Rh5 24. Nxe6 Bxh2+ 25. Kf1 Ba6+ 26. Ke1 Qxe6 27. Rd8+ Ne8 28. Nd5 h6 29. Ne7+ Kh7 30. Qc2+ f5 31. Rxe8 Bd6 32. Bxd6 Qxd6 33. f4 Qd7 34. Qc6 Rh1+ 35. Kf2 Qd2+ 36. Kg3 Qe1+ 0-1

[Event "VIE-ch U11"]
[White "Huynh, Le Minh Hoang"]
[Black "Ha, Nguyen Nam Khanh"]
[Site "Hanoi"]
[Round "5"]
[Result "1-0"]
[Date "2020.??.??"]
[WhiteElo "1326"]
[BlackElo "1333"]
[PlyCount "83"]
[EventDate "2020.10.22"]
[EventType "swiss"]
[EventRounds "7"]
[EventCountry "VIE"]
[SourceTitle "EXT 2022"]
[Source "ChessBase"]
[SourceDate "2021.10.06"]
[SourceVersion "1"]
[SourceVersionDate "2021.10.06"]
[SourceQuality "1"]

1. d4 e6 2. c4 b6 3. g3 Bb7 4. Nf3 f5 5. Bg2 Nf6 6. 0-0 Be7 7. Nc3 0-0 8. d5 Bb4 9. dxe6 dxe6 10. Nb5 Qe7 11. a3 Bd6 12. Nxd6 cxd6 13. Bd2 Nbd7 14. b4 Rac8 15. Rc1 Rfd8 16. Qa4 Be4 17. Nd4 Bxg2 18. Kxg2 Nb8 19. f3 Rd7 20. Rfd1 g6 21. Bg5 e5 22. Nb5 Nc6 23. c5 bxc5 24. bxc5 d5 25. Nd6 Rcc7 26. Qh4 Kg7 27. Bxf6+ Qxf6 28. Ne8+ Kf8 29. Nxf6 Rf7 30. Nxd5 Rb7 31. Qh6+ Ke8 32. Nb4 Nd4 33. e3 Ne6 34. c6 Rbc7 35. Rd6 Nd8 36. Qg5 Rc8 37. Rcd1 Nxc6 38. Nxc6 Kf8 39. Qh6+ Rg7 40. Rd8+ Rxd8 41. Rxd8+ Kf7 42. Rd7+ 1-0